000
00254nam a2200109Ia 4500
008
190216s9999||||xx |||||||||||||| ||und||
100
_a
Acharya Bk & Govekar Pb
245
0
_a
Elements Of Commerce
260
_b
Null
_c
1964
300
_a
422p
942
_c
BK
999
_c
3838
_d
3838